THE DESIGN ACT 2000 (Record no. 23968)

MARC details
000 -LEADER
fixed length control field 00262nam a22001217a 4500
003 - CONTROL NUMBER IDENTIFIER
control field SGT
082 ## - DEWEY DECIMAL CLASSIFICATION NUMBER
Classification number 346.0484
Item number BAR
100 ## - MAIN ENTRY--PERSONAL NAME
Personal name BARE ACT
245 ## - TITLE STATEMENT
Title THE DESIGN ACT 2000
260 ## - PUBLICATION, DISTRIBUTION, ETC. (IMPRINT)
Place of publication, distribution, etc GURGAON
Name of publisher, distributor, etc UNIVERSAL/LEXIS NEXIS
Year of Publication 2023
300 ## - PAGE DESCRIPTION
No. of Pages V ,60
942 ## - ADDED ENTRY ELEMENTS (KOHA)
Source of classification or shelving scheme Dewey Decimal Classification
Koha item type Books
Holdings
Withdrawn status Lost status Source of classification or shelving scheme Damaged status Not for loan Collection code Home library Current library Shelving location Date acquired Vendor Name Cost, normal purchase price SGTU Bill Number Total Checkouts Full call number Accession No. (Barcode) Date last seen Bill Date Koha item type
    Dewey Decimal Classification     LAW SGT Science & Social Sciences Library SGT Science & Social Sciences Library Text Book 09/06/2023 COMMERCIAL BOOK HOUSE 115.00 SGTU 353   346.0484 BAR FLBA312 09/06/2023 19/05/2023 Books
    Dewey Decimal Classification     LAW SGT Science & Social Sciences Library SGT Science & Social Sciences Library Text Book 09/06/2023 COMMERCIAL BOOK HOUSE 115.00 SGTU 353   346.0484 BAR FLBA313 09/06/2023 19/05/2023 Books